[Event "Barcelona Catalunya op 26th"]
[Site "Barcelona"]
[Date "2014.10.11"]
[Round "3"]
[White "Martinez Balaguer, Josep Maria"]
[Black "Castillo Jurado, Jose"]
[Result "1-0"]
[WhiteElo "1954"]
[BlackElo "1844"]
[PlyCount "68"]
[EventDate "2014.09.27"]
[EventType "swiss"]
[EventRounds "9"]
[EventCountry "ESP"]
[SourceTitle "EXT 2017"]
[Source "ChessBase"]
[SourceDate "2016.10.25"]
[SourceVersion "1"]
[SourceVersionDate "2016.10.25"]
[SourceQuality "1"]

1. c4 Nf6 2. Nc3 g6 3. Nf3 Bg7 4. g3 0-0 5. Bg2 d6 6. 0-0 c5 7. d4 cxd4 8. Nxd4 Qc7 9. b3 Nc6 10. Ndb5 Qb6 11. Be3 Qd8 12. h3 Bd7 13. Qd2 Qc8 14. Kh2 a6 15. Nd4 Rb8 16. Rac1 Re8 17. Nd5 Qd8 18. Rfd1 Ne5 19. Bh6 Bh8 20. e4 Nc6 21. Nxc6 bxc6 22. Ne3 Qc7 23. f4 Red8 24. Bg5 Ne8 25. Bxe7 Rdc8 26. e5 dxe5 27. Qxd7 Qb6 28. Qd2 exf4 29. gxf4 Rb7 30. Bh4 Qc7 31. Bg3 Qe7 32. Ng4 Bg7 33. Ne5 Nf6 34. Nxc6 Qc5 1-0

[Event "Sant Adria de Besos op 10th"]
[Site "Sant Adria de Besos"]
[Date "2014.06.08"]
[Round "6"]
[White "Lopez, Miguel"]
[Black "Castillo Jurado, Jose"]
[Result "1-0"]
[WhiteElo "1700"]
[BlackElo "1623"]
[PlyCount "121"]
[EventDate "2014.05.04"]
[EventType "swiss"]
[EventRounds "8"]
[EventCountry "ESP"]
[SourceTitle "EXT 2015"]
[Source "ChessBase"]
[SourceDate "2014.11.20"]
[SourceVersion "1"]
[SourceVersionDate "2014.11.20"]
[SourceQuality "1"]

1. d4 Nf6 2. e3 g6 3. Nf3 Bg7 4. c3 0-0 5. Bd3 d6 6. h3 Nbd7 7. Qc2 b6 8. Be4 Rb8 9. Bc6 Ba6 10. Nbd2 e5 11. b4 h6 12. b5 Bc8 13. Ba3 exd4 14. cxd4 a6 15. Rc1 axb5 16. Bxb5 Nd5 17. Bc6 N7f6 18. 0-0 Ne7 19. Bb5 c5 20. Rfd1 Bb7 21. dxc5 bxc5 22. Rb1 Qa5 23. Nc4 Be4 24. Qxe4 Nxe4 25. Nxa5 Nc3 26. Bd3 Nxb1 27. Bxb1 Ra8 28. Nc4 Nd5 29. Rxd5 Ra4 30. Nfd2 Bc3 31. Bc2 Ra6 32. g4 Rd8 33. e4 f6 34. Bb3 Kg7 35. Kg2 g5 36. Bb2 Bxb2 37. Nxb2 Kf8 38. Nbc4 Ke7 39. Rf5 Raa8 40. Kg3 Rab8 41. Na5 Rdc8 42. Ndc4 Rc7 43. Rd5 Rd8 44. Ba4 Ra8 45. f4 Ra6 46. Bb3 Rd7 47. fxg5 hxg5 48. h4 gxh4+ 49. Kxh4 Rd8 50. Rh5 Re8 51. Nb7 Kd7 52. Ncxd6 Rea8 53. Nxc5+ Kxd6 54. Nxa6 Rxa6 55. Rd5+ Ke7 56. Kh5 Ra8 57. Rb5 Kd6 58. Rb6+ Ke5 59. Rb5+ Kf4 60. Rf5+ Kxe4 61. Bd5+ 1-0

[Event "Sant Adria 7th"]
[Site "Sant Adria de Besos"]
[Date "2011.05.01"]
[Round "1.9"]
[White "Castillo Jurado, Jose"]
[Black "Ruiz Manchon, Francesco Xavier"]
[Result "0-1"]
[WhiteElo "1670"]
[BlackElo "2103"]
[PlyCount "60"]
[EventDate "2011.05.01"]
[EventType "swiss"]
[EventRounds "8"]
[EventCountry "ESP"]
[SourceTitle "EXT 2024"]
[Source "ChessBase"]
[SourceDate "2023.10.10"]
[SourceVersion "1"]
[SourceVersionDate "2023.10.10"]
[SourceQuality "1"]

1. Nf3 c5 2. c4 b6 3. d4 cxd4 4. Nxd4 Bb7 5. Nc3 Nf6 6. Qc2 e6 7. Bg5 Be7 8. Nf3 d6 9. e4 a6 10. e5 Bxf3 11. exf6 gxf6 12. Bxf6 Bxf6 13. gxf3 Qc7 14. Ne4 Be7 15. Rc1 Nd7 16. Rg1 Rc8 17. Qc3 Rf8 18. Ng5 Bxg5 19. Rxg5 Qc6 20. Be2 Ne5 21. Kd2 Rc7 22. f4 Ng6 23. Qf6 Qe4 24. Rg3 Qxf4+ 25. Qxf4 Nxf4 26. Bf3 f5 27. Ke3 Ng6 28. Kd4 e5+ 29. Kd5 Ke7 30. Rxg6 Rc5# 0-1